An toàn lao động trong xây dựng thủy lợi

Sparad:
Bibliografiska uppgifter
Huvudupphovsman: HỒ SĨ MINH
Materialtyp: Bok
Språk:Undetermined
Publicerad: H. Xây dựng 2002
Ämnen:
Taggar: Lägg till en tagg
Inga taggar, Lägg till första taggen!
Thư viện lưu trữ: Trung tâm Học liệu Trường Đại học Cần Thơ
LEADER 00499nam a2200181Ia 4500
001 CTU_49939
008 210402s9999 xx 000 0 und d
082 |a 627.5 
082 |b M312 
100 |a HỒ SĨ MINH 
245 3 |a An toàn lao động trong xây dựng thủy lợi 
245 0 |c HỒ SĨ MINH 
260 |a H. 
260 |b Xây dựng 
260 |c 2002 
650 |a Hydraulic engineering 
904 |i Minh 
980 |a Trung tâm Học liệu Trường Đại học Cần Thơ